Fußball: Rekordnationalspieler Spanien - Statistiken

Allgemein
  • Dieses Quiz wurde 587 mal gespielt
    285 seit der letzten Aktualisierung
  • Das Durchschnittsergebnis liegt bei 13 aus 26
Antwortstatistiken
Jahr des
Debüt
Spiele Tore Spieler % Korrekt
2000 167 0 Iker Casillas
93%
2005 180 23 Sergio Ramos
91%
2000 133 12 Xavi
91%
2006 131 14 Andres Iniesta
90%
2003 110 38 Fernando Torres
86%
2005 98 59 David Villa
81%
2000 100 3 Carles Puyol
80%
2009 143 2 Sergio Busquets
79%
2009 102 5 Gerard Pique
77%
2011 93 10 Jordi Alba
64%
2003 114 16 Xabi Alonso
64%
1996 102 44 Raul
63%
2014 73 35 Alvaro Morata
58%
2006 125 35 David Silva
47%
1998 89 29 Fernando Hierro
44%
2006 110 15 Cesc Fabregas
42%
2010 65 17 Pedro
42%
1984 69 26 Emilio Butragueno
30%
2013 70 0 Koke
20%
1985 126 0 Andoni Zubizarreta
18%
2008 81 15 Santi Cazorla
13%
2002 69 2 Carlos Marchena
7%
1975 81 0 Jose Antonio Camacho
6%
1977 68 0 Luis Arconada
6%
1985 66 2 Michel
6%
1978 75 3 Rafael Gordillo
4%
Keine übereinstimmenden Quizze gefunden
Verteilung der Resultate
Anzahl Personen mit jedem Resultat
Perzentil nach korrekt beantworteten Fragen
Ihre Resultats-Entwicklung
Sie haben dieses Quiz seit der letzten Aktualisierung nicht gespielt